000 00577nam a22002177a 4500
003 PILC
005 20160112142659.0
008 130320t xxu||||| |||| 00| 0 eng d
020 _a9780545058018
050 _aPZ 7
_b.Em53o1 2008
082 _aFIC
_bEm1 2003
100 _aKevin Emerson.
_917462
245 _aThe vampire's photograph :
_bOliver Nocturne
_cKevin Emerson
260 _aNew York
_bScholastic Inc.
_c2008
300 _a209 p.
_c20 cm.
440 _aOliver Nocturne.
_917476
562 _e1
650 _aFiction.
_9746
942 _2lcc
_cBK
999 _c2556
_d2556